000 00555nam a22002057a 4500
003 OSt
005 20210414081648.0
008 210312s1941 ||||| |||| 00| 0 eng d
040 _aeng
_beng
_cDLC
041 _aeng
080 _a821.111
_bH-24
100 _91421
_aO'Hara Mary
245 _aMy Friend Flicka
_c/ by: Dell Publishing
260 _aNew York
_bDell Publishing
_c1967
300 _a318 p.
365 _b0.6 usd
650 0 _9247
_aEnglish literature
653 _aინგლისური ლიტერატურა
942 _2udc
_cBK
999 _c2222
_d2222